[Event "Bundesliga 0203"]
[Site "Germany"]
[Date "2003.01.11"]
[Round "8.2"]
[White "Sokolov, Andrei"]
[Black "McShane, Luke J"]
[Result "1/2-1/2"]
[WhiteElo "2587"]
[BlackElo "2546"]
[Annotator "McShane,L"]
[PlyCount "130"]
[EventDate "2002.10.19"]
[EventType "team-tourn"]
[EventRounds "15"]
[EventCountry "GER"]
[SourceTitle "CBM 093"]
[Source "ChessBase"]
[SourceDate "2003.04.01"]
[SourceVersion "1"]
[SourceVersionDate "2003.04.01"]
[SourceQuality "1"]
[WhiteTeam "Tegernsee"]
[BlackTeam "Werder Bremen"]
[WhiteTeamCountry "GER"]
[BlackTeamCountry "GER"]

1. e4 {Hecht} c5 2. Nf3 Nc6 3. d4 cxd4 4. Nxd4 Nf6 5. Nc3 e5 6. Ndb5 d6 7. Bg5
a6 8. Na3 b5 9. Bxf6 gxf6 10. Nd5 f5 11. Bd3 Be6 12. O-O Bxd5 13. exd5 Ne7 14.
c3 Bg7 15. Qh5 e4 16. Bc2 Qc8 17. Rae1 O-O 18. Bb1 (18. Kh1 Rb8) 18... Re8 $5 (
18... Qc5 19. Kh1 Qxd5 20. f3 Qe5 21. fxe4 fxe4 22. Qxe5 dxe5 23. Bxe4 Rad8 24.
Rd1 f5 25. Bb7 Rxd1 26. Rxd1 Rf6 {...1/2-1/2 after some pain for Leko in the
game Almasi-Leko, Amber Rapid 2002.}) 19. f3 Qc5+ 20. Kh1 e3 21. f4 Nxd5 22.
Qxf5 (22. Bxf5 Nf6 23. Qh3 e2 24. Rf3 b4 25. Nc2 bxc3 26. Rxc3 Qd5 $13) 22...
Nf6 (22... Kf8 23. Be4 $1 {[%csl Ge4][%cal Re4a8]}) (22... e2 23. Qxh7+ (23.
Rf3 Re3 24. Rxe3 Qxe3 25. Qxd5 Qf2 26. Qxa8+ (26. Bxh7+ $1 Kxh7 27. Qe4+ {
[%cal Ye4e2]}) 26... Bf8 27. h3 Qxe1+ 28. Kh2 Qxb1 29. Nxb1 e1=Q 30. Na3 $13)
23... Kf8 24. Rf3 {[%cal Yf3g3]}) 23. Bd3 $5 e2 (23... Qxf5 24. Bxf5 b4 25.
cxb4 Nd5 26. Nc4 Nxb4 (26... Rad8 27. a3 $1 $16) 27. Nxd6 $16 {didn't look
very convincing for me.}) 24. Rxe2 (24. Qxc5 $4 exf1=Q+ $19) 24... Rxe2 25.
Qxc5 dxc5 26. Bxe2 Rd8 27. Rd1 (27. Nb1 $5) 27... Rxd1+ 28. Bxd1 {Hecht: '[#]
Schwarz gelingt es, durch eine effektive Sperre, den weißen König immobil zu
machen und dadurch eine heftige Reduzierung der Bauern zu erreichen.'} Nd5 (
28... Ne4 $5) 29. g3 Ne3 (29... b4 30. cxb4 Nxb4 31. Bb3 Nd3 32. Bc4 $1 (32.
Nc4 Nxb2 33. Nd6 Kf8 $1 (33... Bf8 34. Bxf7+ Kg7 35. Nc4 $1 Kxf7 36. Nxb2 Ke6
$132))) 30. Be2 (30. Bf3 $5) 30... b4 31. Nb1 a5 32. Kg1 Nd5 33. cxb4 (33. c4
Bd4+ 34. Kg2 Ne3+ 35. Kf3 a4 $5 $14) 33... axb4 (33... cxb4) 34. Bc4 (34. b3
Nc3 35. Nxc3 Bxc3 $11) 34... Bd4+ 35. Kh1 Ne3 36. b3 Kg7 (36... Bc3 $2 37. a4
$18) 37. a4 (37. Nd2 Nd1) 37... bxa3 38. Nxa3 Bc3 39. Nb5 Be1 {[%csl Ge1,Ge3]}
40. Nd6 f5 (40... f6) 41. Nb7 Bb4 42. Nd8 (42. Kg1 Kf6 43. Kf2 Nxc4 44. bxc4
Ke7 {[%csl Rb7]}) 42... Kf6 43. Kg1 h5 44. Nc6 Bc3 45. Kf2 Ng4+ 46. Kg2 Ne3+
47. Kf3 Nc2 48. Kf2 h4 $1 49. gxh4 Nd4 $1 50. Nb8 {[%csl Rb8]} (50. Ne5 Nxb3 $1
51. Nd7+ (51. Bxb3 Bxe5 52. fxe5+ Kxe5 $11 {[%cal Ye5h8]}) 51... Ke7 52. Nb6
Bd4+ 53. Ke2 Na5 54. Bd5 c4 $11) 50... Ke7 51. h5 Kd6 $4 (51... Bd2 $1 52. Kg3
Be1+ 53. Kh3 Bd2 54. h6 Bxf4 55. h7 Be5 56. Kh4 f4 57. Kg5 f3 58. Na6 Kd6 59.
b4 cxb4 60. Nxb4 f2 $11 {[%cal Yd4f3]}) 52. h6 Kc7 53. h7 $4 (53. Na6+ Kb6 54.
b4 $1 $18 (54. Kg3 $5) 54... cxb4 (54... Ne6 55. Bxe6 Kxa6 (55... cxb4 56. Bc4
(56. Nb8) 56... b3 57. Kg3 b2 58. Bd3 b1=Q 59. Bxb1 Kxa6 60. Kh4 $18 {[%cal
Yh4f7]}) 56. Bc4+ $1 Kb6 57. b5 $18) 55. Nxb4 Kc5 56. Nd3+ $1 {[%cal Yd3e5]})
53... Nxb3 54. Bxb3 Kxb8 {Hecht: '[#] Zwar gewinnt Weiß nun den Bf5, doch
können die nur durch eine Linie getrennten weißen Freibauern von König und
Läufer kontrolliert werden (siehe auch den Endspielartikel CBM#93).'} 55. Kg3
Kc7 $11 {[%cal Yc7e7]} 56. Kh4 Kd6 57. Kg5 Ke7 58. Kxf5 (58. h8=Q) 58... Kf8 {
Hecht: 'Droht Kg7 nebst Opfer des Läufers gegen den f-Bauern.'} (58... Bh8) 59.
Kg6 (59. h8=Q+) 59... Bh8 60. h4 Ke7 61. f5 c4 $5 {Hecht: 'Da der Bauer nicht
gebraucht wird, wird er sofort weggegeben.'} (61... Bd4 {Hecht} 62. h5 Bh8 63.
h6 Kf8 (63... Bd4 $2 {Hecht} 64. h8=Q Bxh8 65. Kh7 Be5 66. Kg8 Kf6 67. Bc2 Kg5
68. h7 $18 {lautet die einzige weiße Gewinnidee}) 64. f6 Ke8 $11) 62. Bxc4 Kf8
63. h5 Ke7 64. Bb3 Kf8 65. f6 Ke8 (65... Ke8 66. Ba4+ Kf8 67. h6 (67. Bc6 {
Hecht} Bxf6 68. Kxf6 {patt lautet die unwiderlegbare Remisidee.}) 67... Bxf6
68. Kxf6 $11) 1/2-1/2

[Event "Douglas IoM op"]
[Site "Douglas"]
[Date "2017.09.29"]
[Round "7"]
[White "Bogner, Sebastian"]
[Black "Naiditsch, Arkadij"]
[Result "1-0"]
[WhiteElo "2599"]
[BlackElo "2702"]
[Annotator "Mekhitarian,K"]
[PlyCount "81"]
[EventDate "2017.09.23"]
[EventType "swiss"]
[EventRounds "9"]
[EventCountry "IOM"]
[SourceTitle "CBM 181"]
[Source "ChessBase"]
[SourceDate "2017.11.10"]
[SourceVersion "1"]
[SourceVersionDate "2017.11.10"]
[SourceQuality "1"]

1. e4 c5 2. Nf3 Nc6 3. d4 cxd4 4. Nxd4 Qb6 {The Grivas variation of the
Sicilian Defence - the central idea is to avoid main lines and play an
unbalanced attacking position. Black quickly develops his queen to put the
white knight in a more passive position, and as far away as possible from the
black king.} 5. Nb3 Nf6 6. Nc3 e6 {White has many setups at his diposal,
Bogner chooses a very aggressive one, trying to pose problems for Black
immediately.} 7. Be3 Qc7 8. a3 $5 {Preparing the kingside pawn avalanche,
avoiding ...Bb4 first.} a6 (8... d6 9. f4 Be7 {Naiditsch chose to delay ...Be7;
this game was slightly different. Normally I believe Black should start
pushing a6-b5-Bb7 before anything in these dynamic Sicilians.} 10. Qf3 a6 11.
g4 b5 12. g5 Nd7 13. h4 Bb7 14. h5 b4 15. axb4 Nxb4 16. O-O-O Rc8 {threatening
...Na2+} 17. Qf2 $1 (17. Bd3 $6 d5 $1 18. Kb1 Nxd3 19. cxd3 dxe4 20. dxe4 O-O
$36 {0-1 (39) Wang,T (2385)-Zhao,J (2616) China 2017, with great play for
Black, many lines open against the white king, and a5-a4 or Nb6-Nc4 to come.})
17... d5 18. f5 dxe4 19. Kb1 $40 {with a complex position, and good prospects
for White:} Nd5 20. Nxd5 Bxd5 21. c4 Bxc4 22. Rc1 Ne5 (22... Bxb3 23. Rxc7 Rxc7
24. Be2 $16) 23. Bxc4 Nxc4 24. Nc5 $1 Nxe3 25. Nxe6 $18) 9. f4 d6 10. g4 b5 11.
g5 (11. Bg2 Nd7 12. Qe2 Nb6 {already trying to invade on c4} 13. a4 b4 14. Nd5
$2 {getting too excited, Black is able to defend} exd5 15. exd5 Ne7 16. O-O-O
Bd7 17. Nc5 Nxa4 18. Nxd7 Kxd7 19. g5 Qa5 20. Bh3+ Kc7 $19 {0-1 (32) Van Osch,
M (2309)-Bok,B (2596) Germany 2017}) 11... Nd7 12. h4 Bb7 $6 {Natural, but I
think it is the start of Black's problems.} (12... Rb8 $5 {is a playable idea,
trying to play ...b4 to take with the rook in some cases} 13. Qf3 Be7 14. O-O-O
(14. Qf2 $5 {waiting for Black to castle (when the pawn avalanche would be
stronger)} Na5 $5 (14... Nb6 $5)) 14... b4 15. axb4 Rxb4 $132 {and only then
the bishop comes to b7.}) 13. h5 Nb6 (13... Rc8 14. Bh3 (14. Qf3 $6 b4 $1 15.
axb4 Nxb4 16. Rh2 d5 $1 $132) 14... b4 15. axb4 Nxb4 16. O-O {trying to play
f5 with a deadly attack} d5 {kind of forced to avoid f5 (because of ...Qg3+)}
17. e5 Nc5 18. Nd4 $16 {with a good positional grip.}) 14. Qf3 b4 $2 15. Qf2 $6
(15. axb4 $1 {was even stronger} Nxb4 16. Qf2 {the problem is that ...Nc4
doesn't work properly (without the pawn on b5)} Nd7 (16... Nc4 17. Bxc4 Qxc4
18. Na5 Qc8 19. O-O-O $18 {with a devastating initiative on both flanks,
whereas Black's attack is going nowhere}) 17. O-O-O d5 18. f5 $1 $18 {this is
the same position from the Wang - Zhao analysis (Black's 6th move), but here
White has two extra tempi! (in that game, Black already had ...Be7 and ...Rc8
played).}) 15... bxc3 16. Bxb6 Qc8 17. bxc3 {White's position is also good,
but this is trickier than 15.axb4!} Be7 (17... h6 $5 {trying to vacant the
e5-square for the knight} 18. g6 fxg6 19. hxg6 Be7 {followed by 0-0, similar
to the game.}) 18. O-O-O O-O 19. g6 $6 {This helps Black.} (19. Rg1 $1 {
trying to play f5. For example:} a5 20. f5 $1 a4 21. Nd2 d5 22. Nb1 $1 $18 {
with the queenside safe for a few moves, White can go all in on the kingside.})
19... fxg6 20. hxg6 h6 {The f8-rook opens up and White mustn't forget to be
careful on the queenside because of his weakened king.} 21. Bh3 Rb8 (21... a5
$1 $132 {with a strong counterplay, and it is not clear how is White going to
attack} 22. a4 {similar to the game, but Black may try to play Ba6-Bc4 right
away, without ...Rb8.} Ba6 $1) 22. a4 a5 $5 (22... Ne5 $5 {would create
complete madness over the board} 23. Ba7 $1 (23. Nd4 $2 Rf6 24. fxe5 Rxf2 25.
Bxe6+ Kh8 26. Bxc8 Bxe4 $17 {and Black gets the piece back, with attacking
potential}) 23... Ra8 $5 (23... Nxg6 24. Bxb8 Nxf4 25. Bxd6 $1 Nd3+ 26. Rxd3
Rxf2 27. Bxe7 Kf7 28. Bc5 Bxe4 29. Bxf2 Bxd3 30. Nc5 $18 {should be winning
for White, although the kingside pawns may be dangerous}) 24. Nd4 Rf6 25. Bxe6+
Rxe6 26. Nxe6 Qxe6 27. fxe5 dxe5 $44 {who knows what's going on here?}) 23.
Rhe1 Ba6 {Threatening ...Bc4.} 24. e5 Nxe5 (24... dxe5 $5 {looked very
appealing as well; the computer recommends Re4 now (stopping the very strong ..
.Bc4 idea harassing White's knight on b3).} 25. Re4 $13) 25. Bxa5 {Threatening
Qa7! hitting the bishop and the e5-knight.} Kh8 $6 (25... Bg5 $1 {was a superb
tactical resource:} 26. Rd4 Nxg6 $3 27. Bxe6+ Qxe6 28. Rxe6 Nxf4 $1 {a cool
queen sacrifice, now ...Nxe6 followed by ...Nxd4 is unstoppable, again with an
unclear position.} 29. Kb2 Nxe6 30. Qg1 Nxd4 31. Qxd4 Bf4 $13) 26. Qg3 $1 {
[%csl Re5] Now Black is in trouble.} (26. Qa7 $2 Nc6 $1 $19 {now it works,
without ...Kh8 it fails because of Bxe6+ Qxe6 Qxb8! followed by Rxe6.}) 26...
Bc4 27. fxe5 Bg5+ $2 {The final mistake.} (27... Qc6 $5 {was the last change
to fight} 28. Bb4 $1 Bxb3 29. cxb3 Rxb4 30. Bxe6 {the computer says White is
winning, but it doesn't look that simple.}) 28. Kb2 {Now White's king is safe,
and Black is a piece down.} Bf4 29. Qg1 Bxe5 30. Rxe5 $1 $18 {Without much
thought, White has to eliminate the strongest attacker Black has.} dxe5 31. Bb4
Rf3 32. Bg2 Rg3 33. Qh2 Re3 34. Qg1 Rg3 35. Qf2 Rxg6 36. Be4 Rg4 37. Nc5 {
All the pieces are joining the attack, and the black king is very weak on h8.}
Qe8 38. Qe3 Rf4 39. Nd7 Qh5 40. Rh1 Rxb4+ 41. cxb4 {In a lost position, and
having passed the time control on move 40, Black resigns.} 1-0

[Event "Sao Paulo zt 2.4"]
[Site "Sao Paulo"]
[Date "2001.??.??"]
[Round "9"]
[White "Milos, Gilberto"]
[Black "Soto Vega, Jorge"]
[Result "1-0"]
[WhiteElo "2608"]
[BlackElo "2386"]
[Annotator "Melao,H"]
[PlyCount "65"]
[EventDate "2001.06.07"]
[EventType "tourn"]
[EventRounds "9"]
[EventCountry "BRA"]
[EventCategory "8"]
[SourceTitle "CBM 082 Extra"]
[Source "ChessBase"]
[SourceDate "2001.07.03"]
[SourceVersion "1"]
[SourceVersionDate "2001.07.03"]
[SourceQuality "1"]

1. e4 c5 2. Nf3 Nc6 3. d4 cxd4 4. Nxd4 Nf6 5. Nc3 e5 $5 {a variante Sveshnikov
й uma das mais populares da atualidade, empregada com grande sucesso pelo
campeão mundial Vladimir Kramnik. As Pretas deliberadamente deixam o ponto
'd5' fraco, com o Peão 'd' atrasado, mas em troca conseguem boas
possibilidades em todo o tabuleiro, com os avanços b5 e f5.} 6. Ndb5 d6 7. Bg5
a6 8. Na3 ({as Brancas também podem jogar imediatamente} 8. Bxf6 gxf6 9. Na3)
8... b5 9. Bxf6 ({outra boa linha й} 9. Nd5 Be7 10. Bxf6 Bxf6) 9... gxf6 10.
Nd5 Bg7 (10... f5 11. c3 Bg7 (11... fxe4 12. Bxb5 $1) 12. Bd3 $1) 11. Bd3 Be6
12. O-O f5 13. Qh5 $1 {evita o roque.} Rg8 ({o melhor parece ser} 13... h6 14.
c3 (14. c4 Bxd5 15. cxd5 Nb4 16. Bb1 Rc8 17. Qxf5 O-O 18. Qf3 Qb6 19. Qe2 Qc5
20. Bd3 f5 21. Rad1 Nxd3 22. Rxd3 fxe4 23. Rdd1 e3 24. fxe3 Rxf1+ 25. Kxf1 e4
26. Kg1 b4 27. Nb1 Qc2 28. Nd2 Qxb2 29. Qg4 Re8 30. Qg6 Rf8 31. Qe6+ Kh8 32.
Qxd6 Qxa2 33. Qxb4 Qxd5 34. Rf1 Rxf1+ 35. Kxf1 Qd3+ 36. Kf2 Bc3 37. Qf8+ Kh7
38. Qf5+ Kh8 39. Nxe4 Qc2+ 40. Kg3 Bg7 41. Kh3 Qc7 42. g4 Qa7 43. g5 Qxe3+ 44.
Kg4 Qe2+ 45. Kg3 Qe3+ 46. Kg4 Qe2+ 47. Kg3 Qe3+ 48. Kg4 {1/2-1/2 Pavlovic,
M-Milanovic,D/Belgrade YUG 2001/The Week in Chess 338 (48)}) 14... O-O 15. Nc2
f4 (15... fxe4 16. Bxe4 f5 17. Nf4 exf4 18. Bxc6 Rc8 19. Qf3 Be5 20. Rfd1 Rc7
21. a4 bxa4 22. Bd5 Bxd5 23. Qxd5+ Kh7 24. Rxa4 Rg7 25. Ne1 Rfg8 26. Rxa6 Qh4
27. Qf3 Rb8 28. Nd3 Rbg8 29. Ne1 Rb8 30. Rd2 {Anguiano,R-Karim,F/Caracas 1976/
EXT 2000/1-0 (41)}) 16. a4 bxa4 17. Rxa4 a5 18. Bc4 Rb8 19. b3 Kh7 20. Kh1 f5
21. Nxf4 Bxc4 22. Qg6+ Kh8 23. Nh5 Rg8 24. Rxc4 Ne7 25. Qe6 fxe4 26. Nxg7 Rxg7
27. Qxh6+ Kg8 28. Qe6+ Kh8 29. Rxe4 Ng6 30. Rg4 Kh7 31. g3 Qb6 32. Rg5 Qc6+ 33.
f3 Kh6 34. Qf5 Rgg8 35. Ne3 d5 36. Ng4+ {1-0 Ash,R-Morgan,M/Philadelphia 1992/
TD (36)}) (13... O-O $2 14. exf5 Bxd5 15. f6 h6 16. Qf5 e4 17. fxg7 $18) 14. c4
$1 f4 $2 15. cxb5 $18 {com o Rei no centro й difícil acreditar que as Pretas
consigam alguma compensação por esses Peões...} Nd4 16. Rfc1 ({simplesmente} 
16. bxa6 {com três Peões passados e unidos na ala da Dama, só para ver de onde
as Pretas pretendem tirar compensação.}) 16... Bxd5 17. exd5 f3 18. g3 Kf8 19.
bxa6 e4 20. Bf1 Ne2+ 21. Bxe2 Bxb2 22. Bb5 Bxa3 23. Rc4 Qf6 24. Rb1 Rg5 25.
Qxh7 e3 26. fxe3 Bc5 27. Bc6 (27. Kf2 $5) 27... Bxe3+ 28. Kf1 Rd8 29. Rh4 Rg8 (
29... Bc5 30. Qh8+ Qxh8 31. Rxh8+ Rg8 32. Rh4 $18 {[%cal Yh4a4]} (32. Rxg8+
Kxg8 33. Rb7 Ra8)) 30. Qe4 Bg5 31. Rh7 Rg6 32. a7 Kg8 33. Rh5 1-0

[Event "Bundesliga 0304"]
[Site "Germany"]
[Date "2004.03.08"]
[Round "11.1"]
[White "Kindermann, Stefan"]
[Black "McShane, Luke J"]
[Result "1/2-1/2"]
[WhiteElo "2542"]
[BlackElo "2619"]
[Annotator "Meyer,CD"]
[PlyCount "112"]
[EventDate "2003.11.01"]
[EventType "team-tourn"]
[EventRounds "15"]
[EventCountry "GER"]
[SourceTitle "CBM 100"]
[Source "ChessBase"]
[SourceDate "2004.06.01"]
[SourceVersion "1"]
[SourceVersionDate "2004.06.01"]
[SourceQuality "1"]
[WhiteTeam "Plauen"]
[BlackTeam "Werder Bremen"]
[WhiteTeamCountry "GER"]
[BlackTeamCountry "GER"]

{ZEICHEN UND WUNDER} 1. e4 c5 2. Nf3 Nc6 3. d4 cxd4 4. Nxd4 Nf6 5. Nc3 e5 6.
Ndb5 d6 7. Bg5 a6 8. Na3 b5 9. Nd5 Be7 10. Bxf6 Bxf6 {[#]} 11. c4 (11. c3 {
gilt gemäß Y. Yakovich (sowie ECO und NCO) als am besten, um den Na3 rasch via
c2 ins Zentrum zu befördern. Der Textzug verfolgt zwar dieselbe Idee, soll
aber schlechter sein, weil er den weißen Königsläufer einengt. (The Sveshnikov
Sicilian, Gambit 2002)}) 11... b4 ({11...b4 nebst 12...a5 ist die
Hauptfortsetzung, die als völlig okay für Schwarz angesehen wird. Noch
ehrgeiziger indes ist} 11... Nd4 $5 {, um einen anderen, offensichtlichen
Nachteil von c4 aufzuzeigen, nämlich die Schwächung des Feldes d4.} 12. Nc2 $6
(12. cxb5 $13) 12... Bg4 $1 {mit interessantem Spiel.}) 12. Nc2 a5 13. g3 $5 {
Die o.a. Quellen halten nur 13.Be2 und 13.Nxf6+ für erwähnenswert. In dieser
Partie bewährt sich das Fianchetto als recht solide.} Bg5 14. Bg2 O-O 15. O-O {
[#]} Be6 (15... Rb8 {(15...Ne7)} 16. b3 Ne7 17. Nxe7+ Qxe7 18. Qe2 Be6 (18...
f5 $5) 19. Rad1 Qc7 20. Rd3 a4 21. Rfd1 Rfd8 22. Ne3 axb3 23. axb3 Ra8 24. h4
Be7 (24... Bxe3 $11) 25. Nd5 Bxd5 26. Rxd5 $14 {S. Cigan - E. Jelen, Bled 2000,
1:0/40}) 16. Qd3 (16. f4) 16... Qb8 $6 ({Vorzuziehen war m.E.} 16... Ne7 {
, z.B.} 17. Nce3 (17. f4 Bxd5) 17... Bxe3 18. Nxe3 Nc6 {mit etwa gleichen
Aussichten.}) 17. Rad1 $14 g6 $2 ({Dieser Bauernzug wird sofort als eine
empfindliche Schwächung der Königsstellung markiert. Schwarz steht jetzt etwas
unbequem, vielleicht war er mit} 17... Qa7 $5 {besser beraten, z.B.} 18. Kh1
Rac8 (18... Rad8) (18... Ne7) 19. f4 (19. b3) 19... Bd8) 18. f4 exf4 (18... Bd8
{gibt Weiß nach} 19. f5 Bxd5 20. Qxd5 Bb6+ 21. Kh1 Nd4 22. Nxd4 Bxd4 23. fxg6
hxg6 {die Möglichkeit zu einem ebenso risikolosen wie chancenreichen
Qualitätsopfer:} 24. Rxd4 $1 exd4 25. Rf6 Kh7 26. Rxd6 $36) 19. gxf4 Bh6 {[#]}
(19... Bh4 20. f5) 20. Qg3 $1 ({I} 20. Nf6+ $2 Kg7 21. Qxd6 $2 Bxc4 $1) ({II} 
20. f5 Bxd5 21. exd5 Ne5 22. Qh3 Bg5 23. b3 $14) 20... f5 {Wie die
Alternativen zeigen, ist dieser Aufzug vonnöten.} ({I} 20... Bg7 21. f5 $5 $40
Be5 (21... Qa7+ 22. Kh1 Be5 23. Qh4 Bxd5 24. exd5 Nb8 25. Rd3) (21... Bxd5 22.
exd5 Ne5 23. f6) 22. Qe3 Bxd5 23. exd5 {(Idee f6), z.B.} Nd8 (23... Na7 24. f6
Qd8 25. Qg5) 24. f6 Qa7 25. Nd4 $40 {+/-/+-, und Schwarz wird am Königsflügel
zugrunde gehen.}) ({II} 20... Kh8 $2 21. Qh4 Bg7 22. f5 $18) 21. Nde3 $1 Qc7 (
21... fxe4 $2 22. f5 Bf7 23. Rxd6 $40 {+-}) 22. exf5 Bxf5 23. Nxf5 Rxf5 24. Ne3
Rff8 25. Nd5 Qa7+ 26. Kh1 Bg7 (26... Kh8 27. f5 $1 Ne5 (27... gxf5 $4 28. Qxd6)
28. Qh4 Rxf5 29. Rxf5 gxf5 30. Nf6 $18) 27. f5 $1 $40 {Zuletzt gewinnt Weiß
mit diesem Hebel am Brennpunkt f5 endgültig die Oberhand.} Be5 (27... gxf5 $2
28. Qxd6 Ne5 29. Ne7+ Kh8 30. Nxf5 Rac8 31. b3 $18) 28. Qg5 Rae8 (28... Qg7 29.
f6 $18 {und das Motiv Se7+ entscheidet, z.B.} h6 30. Qg4 Qh7 31. Ne7+ Nxe7 32.
fxe7) 29. fxg6 {[#]} hxg6 ({Oder: I} 29... Kh8 30. Nf6 Bxf6 31. Rxf6 Ne5 32.
Rxf8+ Rxf8 33. c5 $1 $18 (33. Rxd6)) ({II} 29... Qg7 30. Nc7 $1 Qxc7 (30... Rc8
31. Rxf8+ Qxf8 32. Rf1 Qg7 33. Bxc6 $18) 31. Bd5+ Kh8 32. Rf7 Rxf7 33. gxf7 $18
) 30. Nf6+ ({Zuerst} 30. Qxg6+ {erscheint mir geradliniger:} Qg7 (30... Bg7 31.
Nf6+ Rxf6 32. Bd5+ $18) (30... Kh8 31. Nc7 $18 (31. Rf3) 31... Qxc7 32. Qh6+)
31. Nf6+ Bxf6 (31... Rxf6 32. Qxe8+) 32. Rxf6 (32. Bd5+ Kh8 33. Rxf6) 32...
Qxg6 33. Rxg6+ Kh7 34. Rgxd6 $18) 30... Bxf6 31. Rxf6 $2 ({Weiß beginnt, sich
zu verzetteln. Richtig war} 31. Qxg6+ Qg7 32. Rxf6 {(oder Bd5+) usw. wie
vorher gezeigt}) 31... Ne5 $2 {[#]} ({Zäher war} 31... Rxf6 32. Qxf6 Ne5 {
, z.B.} 33. Qxd6 (33. Rxd6) 33... Qf2 34. c5 $16 {/+-} Qxb2 $2 (34... Kg7) 35.
Bc6 Rf8 36. Bd5+ Nf7 (36... Kg7 37. Qe7+) 37. Bxf7+ Rxf7 38. Qxg6+ Qg7 39. Rd8+
{nebst Generalabtausch und c6 +-}) 32. Rdxd6 $2 ({Den Triumph in greifbarer
Nähe gehen Stefan Kindermann offenbar die Nerven durch. Zwei stärkere
Fortsetzungen: I} 32. Rxf8+ Rxf8 (32... Kxf8 $2 33. Rf1+ Kg7 34. Qf6+ Kh7 35.
Rf4 $18) 33. Rxd6 Qg7 34. Bd5+ Kh7 (34... Kh8 35. Rd8 $1) 35. Be4 $1 Re8 (35...
Kh8 36. Re6) 36. Rb6 {Plan Rb7 +-}) ({II} 32. Rfxd6 Qe7 33. Qg3 Rf6 34. c5 $16
{/+-}) 32... Rxf6 33. Rxf6 Kg7 34. Rf1 Qe7 35. Qxe7+ ({In Anbetracht der
gegnerischen Zeitnot erscheint mir} 35. Qf4 $5 {geschickter, während
Kindermann nach Vereinfachung strebt.}) 35... Rxe7 36. c5 Nd3 37. c6 Nxb2 (
37... Re5 $6 38. Kg1 Rc5 39. Rd1) 38. Rc1 Rc7 39. Rc5 Kf6 40. Rxa5 Nd3 {
[#] Buchstäblich in letzter Sekunde vor der Zeitkontrolle hat sich "lucky"
Luke McShane in dieses zähe Endspiel retten können.} 41. Kg1 Re7 42. Ra8 Nf4
43. Rf8+ Ke5 44. Bf3 Ne6 45. Rb8 Ra7 46. Bg4 (46. Rxb4 Rxa2 47. Rc4 Kd6 {
riecht auch schon nach Remis.}) 46... Kd6 47. Rxb4 Rxa2 48. Bxe6 Kxe6 49. Rg4 (
{Nach} 49. Rc4 Ra8 50. Kg2 Rc8 51. Kg3 Kd5 $11 {fehlt Weiß das berühmte Tempo
zum Sieg.}) 49... Rc2 50. Rxg6+ Kf5 {[#] Das aktive schwarze Übergewicht wiegt
die beiden Minusbauern auf! Weiß kann keinen Fortschritt erzielen. Die Partie
nimmt ein tragikomisches Ende.} 51. Rd6 Kg4 52. Rf6 Kg5 53. Re6 Kf5 54. Rd6 Kg4
55. Kh1 Kh4 56. Kg1 Kg4 1/2-1/2